LEADER 01240nam a2200289 u 4500 001 000000017845 003 CaOOAMICUS 005 20070226110616.0 008 950222s1942 it u000 u ita u 035 $a10415726 040 $aPUL$bita 100 1 $aMessineo, A.,$cS.I.$0(OLS)http://pul/name/16007 245 13$aIl diritto internazionale nella Dottrina Cattolica. 260 $aRoma :$bLa Civiltà Cattolica,$c1942. 300 $a421 p. ;$c19 cm 490 1 $aQuestioni di attualità ;$v3 650 4$aCattolicesimo.$0(OLS)http://pul/subject/3132 650 4$aDiritto internazionale.$0(OLS)http://pul/subject/2505 830 0$aQuestioni di attualità ;$v3.$0(OLS)http://pul/title/25521 850 $aPUL 852 $aPUL$W1$xDP1 Fondo Maccarrone$y58$m1514 E 54$j25130$nBK-PRI$b $qFondi$B25130$CPULBib$Z2$F25130 $81 852 $aPUL$W1$xDP1 Cons. Gen., Altre Classi 1$y22$m829 C 45$j125613$ac. 2$qStampati$B124341$CPULBib$Z2$F124341 $H39982 $82 941 1 $a8 941 1 $a1 961 $aINV: 3416.F.Maccarrone 996 $6245$aIl diritto internazionale nella Dottrina Cattolica$9(OLS)http://pul/title/25520 996 $6260$aRoma :$bLa Civiltà Cattolica$9(OLS)http://pul/publisher/50881 LEADER 01449nam a2200289 u 4500 001 000000039142 003 CaOOAMICUS 005 20070226113945.0 008 980505s1938 gw a u000 u ger u 035 $a10793529 040 $aPUL(R)$bita 100 1 $aKunkel, Wolfgang,$d1902-$0(OLS)http://pul/name/16025 245 10$aQuellen zur neueren Privatrechtsgeschichte Deutschlands :$bim Auftrag der Strassburger Wissenschaftlichen Gesellschaft an der Universität Frankfurt /$cherausgegeben und gemeinsam mit Wolfgang Kunkel und Hans Thieme ; bearbeitet von Franz Beyerle. 260 $aWeimar :$bBöhlaus,$c1938. 300 $av. :$bill. ;$c28 cm 500 $aInclude indici. 504 $aBibliografia in nota. 505 1 $avol. 2. Landrecht des 16. Jahrhunderts -- 650 4$aDiritto privato$zGermania.$0(OLS)http://pul/subject/15287 700 1 $aBeyerle, Franz,$d1885-$0(OLS)http://pul/name/29138 700 1 $aThieme, Hans.$0(OLS)http://pul/name/22649 850 $aPUL 852 $aPUL$W1$xDP2 Diritto e Scienze Sociali 1$y65$m176 A 30$j53262$nBK-PRI$qStampati$B53262$CPULBib$Z2$F53262 $H11064 $82 941 1 $a8 961 $aINV: 11064 996 $6245$aQuellen zur neueren Privatrechtsgeschichte Deutschlands :$bim Auftrag der Strassburger Wissenschaftlichen Gesellschaft an der Universität Frankfurt$9(OLS)http://pul/title/53012 996 $6260$aWeimar :$bBöhlaus$9(OLS)http://pul/publisher/48342